| 000 | 00384nam a2200133Ia 4500 | ||
|---|---|---|---|
| 008 | 210210b1994 xxu||||| |||| 00| 0 eng d | ||
| 082 | _a378.0025 COMD | ||
| 100 | _aCOMPETITION SUCCESS REVIEW. | ||
| 245 | _aDirectory of engineering colleges in India. | ||
| 260 |
_aNew Delhi. _bSudha Publications Pvt Ltd., _c1994 |
||
| 300 | _axvi,322 | ||
| 690 | _aHigher Education | ||
| 906 | _a048706 | ||
| 999 |
_c97762 _d97762 |
||